Mechanics of materials / (Record no. 4484)
[ view plain ]
| 000 -LEADER | |
|---|---|
| fixed length control field | 01174nac a22002171u 4500 |
| 010 ## - LIBRARY OF CONGRESS CONTROL NUMBER | |
| LC control number | 2001030518 |
| 020 ## - INTERNATIONAL STANDARD BOOK NUMBER | |
| International Standard Book Number | 0073659355 |
| 082 00 - DEWEY DECIMAL CLASSIFICATION NUMBER | |
| Classification number | 620.112 |
| Item number | B4151 |
| 090 ## - LOCALLY ASSIGNED LC-TYPE CALL NUMBER (OCLC); LOCAL CALL NUMBER (OCLC) | |
| -- | 4484 |
| -- | 4484 |
| 100 ## - MAIN ENTRY--PERSONAL NAME | |
| Personal name | Beer, Ferdinand Pierre |
| 245 10 - TITLE STATEMENT | |
| Title | Mechanics of materials / |
| Statement of responsibility, etc | Ferdinand P. Beer, E. Russell Johnston, Jr., John T. DeWolf. |
| 250 ## - EDITION STATEMENT | |
| Edition statement | 3rd ed. |
| 260 ## - PUBLICATION, DISTRIBUTION, ETC. (IMPRINT) | |
| Place of publication, distribution, etc | New York : |
| Name of publisher, distributor, etc | McGraw-Hill,2002 |
| Date of publication, distribution, etc | 2002. |
| 300 ## - PHYSICAL DESCRIPTION | |
| Extent | xix, 788 p. : |
| Other physical details | col.ill. ; |
| Dimensions | 27 cm. + |
| Accompanying material | 1 computer optical disc (4 3/4 in.) |
| 538 ## - SYSTEM DETAILS NOTE | |
| System details note | System requirements: Windows 98, ME, NT 4.0 or 2000; Pentium 200 MHz or better; 64 MB or higher RAM; 640x480x256 color; Microsoft compatible pointing device; QuickTime 4.0 or newer; 2X or higher CD-ROM. Mac OS 9.1 or later; 200 MHz or better processor; 64 MB or higher RAM; 640x480x256 color monitor; mouse; QuickTime 4.0 or newer 2X CD-ROM. |
| 650 #0 - SUBJECT ADDED ENTRY--TOPICAL TERM | |
| Topical term or geographic name as entry element | Strength of materials. |
| 700 1# - ADDED ENTRY--PERSONAL NAME | |
| Personal name | Johnston, E. Russell |
| Fuller form of name | (Elwood Russell), |
| Dates associated with a name | 1925- |
| 700 1# - ADDED ENTRY--PERSONAL NAME | |
| Personal name | DeWolf, John T. |
| 942 ## - ADDED ENTRY ELEMENTS (KOHA) | |
| Item type | Book - Borrowing |
| Call number prefix | 620.112B4151 |
| Withdrawn status | Item status | Damaged status | Not for loan | Home library | Current library | Shelving location | Date acquired | Source of acquisition | Total Checkouts | Total Renewals | Full call number | Barcode | Date last seen | Date last borrowed | Koha item type |
|---|---|---|---|---|---|---|---|---|---|---|---|---|---|---|---|
| Central Library | Central Library | First floor | 09/09/2007 | Purchase | 20 | 65 | 620.112 BEE | 000000182 | 15/07/2025 | 15/11/2021 | Book - Borrowing |